El teatro español : (Record no. 136858)

MARC details
000 -LEADER
campo de control de longitud fija 01269nam a2200229 i 4500
001 - NÚMERO DE CONTROL
campo de control 136858
003 - IDENTIFICADOR DE NÚMERO DE CONTROL
campo de control ES-MaACL
005 - FECHA Y HORA DE LA ÚLTIMA TRANSACCIÓN
campo de control 20250824030112.0
007 - CAMPO FIJO DE DESCRIPCIÓN FÍSICA--INFORMACIÓN GENERAL
campo de control de longitud fija t|
008 - DATOS DE LONGITUD FIJA--INFORMACIÓN GENERAL
campo de control de longitud fija 070214s1942 sp a |||| |dspa d
080 ## - NÚMERO DE LA CLASIFICACIÓN DECIMAL UNIVERSAL
Número de la Clasificación Decimal Universal 821.134.2-2 (082.2)
245 03 - MENCIÓN DEL TÍTULO
Título El teatro español :
Resto del título historia y antología : (desde sus orígenes hasta el siglo XIX) /
Mención de responsabilidad, etc. estudios, retratos literarios, notas, selección y apéndices de Federico Carlos Sainz de Robles ; [ornamentaciones de A.P. Palacios].
250 ## - MENCION DE EDICION
Mención de edición 1ª ed.
260 ## - PUBLICACIÓN, DISTRIBUCIÓN, ETC.
Lugar de publicación, distribución, etc. Madrid :
Nombre del editor, distribuidor, etc. M. Aguilar,
Fecha de publicación, distribución, etc. 1942.
300 ## - DESCRIPCIÓN FÍSICA
Extensión 7 v. :
Otras características físicas il. ;
Dimensiones 14 cm.
505 8# - NOTA DE CONTENIDO CON FORMATO
Nota de contenido con formato Contiene: I. Desde Rodrigo de Cota hasta Cervantes - II. El Siglo de Oro: ciclo de Lope de Vega - III. El Siglo de Oro: ciclo de Calderón - IV. El Siglo de Oro: dramaturgos de segundo orden de los ciclos de Lope y de Calderón - V. El teatro español del siglo XVIII - VI. El teatro español del siglo XIX: ciclo romántico - VII. El teatro español del siglo XIX: ciclo realista: la zarzuela española y el "género chico"
650 #4 - PUNTO DE ACCESO ADICIONAL DE MATERIA--TÉRMINO DE MATERIA
Término de materia o nombre geográfico como elemento de entrada Teatro español-
Subdivisión general Historia y crítica.
9 (RLIN) 136908
650 #7 - PUNTO DE ACCESO ADICIONAL DE MATERIA--TÉRMINO DE MATERIA
Término de materia o nombre geográfico como elemento de entrada Teatro español
Fuente del encabezamiento o término embne
9 (RLIN) 136907
700 1# - ENTRADA AGREGADA--NOMBRE PERSONAL
Nombre de persona Sainz de Robles, Federico Carlos,
Fechas asociadas al nombre 1898-1982
9 (RLIN) 101593
852 ## - LOCALIZACIÓN
Ubicación ES-MaACL
Número de control de estantería D-6207-13
Holdings
Estatus retirado Estado de pérdida Estado de daño No para préstamo Biblioteca de origen Biblioteca actual Ubicación en estantería Fecha de adquisición Fuente de adquisición Total de préstamos Signatura topográfica completa Código de barras Visto por última vez Precio de reemplazo Tipo de ítem Koha
        Biblioteca del Ateneo de Madrid Biblioteca del Ateneo de Madrid Sala Valle Inclán 17/01/2008     D-6207-13 901142427 23/02/2023 23/02/2023 Libro impreso